000 00499nam a22001697a 4500
003 OSt
005 20140310181754.0
008 130628t xxu||||| |||| 00| 0 eng d
050 _aPZ 7
_b.F363 1998
082 _aFIL 808.3
_bF39 1998
100 _aFernando, Gilda Cordero
245 _aMr. Ulcer /
_cGilda Cordero-Fernando; drawings by Girlie Aragon.
260 _aQuezon City, Philippines :
_bGCF Books,
_c1998.
300 _a31 p.
_bcol. ill. ;
_c30 cm.
942 _2lcc
_cBK
999 _c3351
_d3351